15 principaux pays touchés par Covid-19 - 11 novembre - Statistiques

Statistiques générales
  • Ce quiz a été pris 36 fois
  • Le résultat moyen est 12 sur 25
Statistiques - réponses
pays % Correct
Etats-Unis
97%
France
97%
Espagne
82%
Russie
82%
Inde
79%
Italie
79%
Allemagne
74%
Brésil
74%
Mexique
68%
Royaume-Uni
68%
Belgique
56%
Argentine
53%
Suisse
50%
Colombie
41%
Iran
32%
Pérou
26%
Chili
24%
Afrique du Sud
21%
Israël
12%
Qatar
9%
Arménie
6%
Bahreïn
6%
Koweït
6%
Panama
6%
Tchèquie
3%
Aucun quiz correspondant
Distribution des résultats
% des personnes avec chaque résultat
Percentile par nombre de réponses
Votre historique - résultats
Vous n’avez pas pris ce quiz